Agrarian reform: theory & practice, the nicaraguan experience /

Este artículo hace referencia a la experiencia nicaragüense para analizar el impacto de una exhaustiva modificación al sistema de propiedad privada y mercados relacionados a la agricultura que tuvo lugar en un relativamente corto periodo de tiempo. Desde este estudio se alega que las consecuencias d...

Ausführliche Beschreibung

Gespeichert in:
Bibliographische Detailangaben
1. Verfasser: Saravia-Matus, Silvia L.
Weitere Verfasser: Saravia-Matus, Jimmy
Format: Text
Schlagworte:
Tags: Tag hinzufügen
Keine Tags, Fügen Sie den ersten Tag hinzu!

MARC

LEADER 00000 a a2200000 04500
001 42695
003
040
100 |a Saravia-Matus, Silvia L.  
245 |a Agrarian reform:   |b theory & practice, the nicaraguan experience /  |c Silvia L. Saravia-Matus ; Jimmy Saravia-Matus  
500 |a ssaravia@institutordi,es   |a j.saravia@surrey.ac.uk  
520 |a Este artículo hace referencia a la experiencia nicaragüense para analizar el impacto de una exhaustiva modificación al sistema de propiedad privada y mercados relacionados a la agricultura que tuvo lugar en un relativamente corto periodo de tiempo. Desde este estudio se alega que las consecuencias de una reforma agraria descoordinada incrementaron las imperfecciones, no solamente del mercado de tierras, sino también del mercado laboral y crediticio en Nicaragua. Concluye en que sin un ambiente institucional adecuado y legítimo que reduzca la incertidumbre y mantenga los incentivos financieros intactos, el acceso abundante a recursos no conlleva necesariamente a una mayor actividad económica.  
590 |a AMB/DICIEMBRE2014  
650 |a A) PROPIEDAD PRIVADA  
650 |a B) AGRICULTURA  
650 |a C) REFORMA AGRARIA  
650 |a D) ECONOMIA  
650 |a E) NICARAGUA  
700 |a Saravia-Matus, Jimmy  
773 |g volumen41, número84 ( , 2009), páginas 21-43  
999 |c 33495  |d 33495